Score 0/105 Timer 13:00
0 Plays Today
% Correct
Hit by Pitch
96.9%
Dropped Strike Three
95.5%
Dopey
95.5%
Catcher's Interference
95.1%
Grumpy
95.1%
Sleepy
95%
Blue
94.8%
Kilimanjaro
94.8%
Sneezy
94.7%
Red
94.7%
Fielder's Choice
94.6%
Happy
94.6%
Hit
94.6%
Yellow
94.6%
Green
94.5%
Orange
94.5%
Everest
94.4%
Doc
94.3%
Lettuce
94.1%
Pickles
94.1%
Violet
94.1%
Bashful
94%
Cheese
94%
Onions
94.1%
Sesame Seed Bun
93.6%
Interior
93.6%
Inferior
93.6%
Special Sauce
93.5%
Exterior
93.5%
La
93.5%
Indigo
93.4%
Two All Beef Patties
93.4%
Fa
93.4%
Anterior
93.3%
Superior
93.3%
% Correct
Ulterior
93.1%
Posterior
93.1%
Re
93%
Mi
92.9%
Do
92.8%
Envy
92.8%
Walk
92.8%
Greed
92.7%
Lust
92.6%
Pride
92.2%
Wrath
92%
Gluttony
91.9%
Ti
91.5%
Northern Europe
91.4%
Batman
91.4%
Aquaman
91.4%
Southern Europe
91.3%
Wonder Woman
91.2%
Great Britain
90.9%
Superman
90.9%
Western Europe
90.8%
Sol
90.7%
Sloth
90.7%
Ravenclaw's Diadem
90.6%
Scandinavia
90.5%
Hufflepuff's Cup
90.5%
Green Lantern
90.4%
Slytherin's Locket
90.3%
Iceland
89.5%
Metre
89.1%
Alan Shepard
89%
Marvolo Gaunt's Ring
88.8%
Harry Potter
88.2%
Ukraine
88.2%
Flash
87.9%
% Correct
Ampere
87.9%
Tom Riddle's Diary
87.5%
Kilogram
87.4%
John Glenn
86.7%
Kelvin
86.3%
Gilligan
86.2%
Jonas 'Skipper' Grumby
86.1%
Error
84.8%
Ginger Grant
84.2%
Gordon Cooper
83.9%
Mary Ann Summers
82.2%
Ujamaa
81.6%
Professor Roy Hinkley
81.5%
Gus Grissom
81.1%
Ujima
80.9%
Kuumba
80.4%
Mole
80.1%
Scott Carpenter
79.8%
Denali
76.8%
Umoja
76.6%
Deke Slayton
76.4%
Aconcagua
75.4%
Martian Manhunter
73.2%
Lovey Howell
71.7%
Candela
71.5%
Thurston Howell III
69.9%
Second
69.5%
Wally Schirra
68.9%
Imani
67.7%
Kujichagulia
67.2%
Elbrus
61.4%
Puncak Jaya
59.5%
Nagini
56.1%
Nia
50.1%
Vinson Massif
46.4%
Remove Ads.
Support Sporcle.
Get the best of Sporcle when you Go Orange. This ad-free experience offers more features, more stats, and more fun while also helping to support Sporcle. Thank you for becoming a member.

You're not logged in!

Compare scores with friends on all Sporcle quizzes.
OR
Log In

Sporcle TV

Today on Sporcle TV


Watch our educational content, quiz creation guides, and fun videos on Sporcle TV.

Show Comments

Extras

Top Quizzes Today


Score Distribution

Paid Content

Your Account Isn't Verified!

In order to create a playlist on Sporcle, you need to verify the email address you used during registration. Go to your Sporcle Settings to finish the process.

Report this User

Report this user for behavior that violates our Community Guidelines.

Details: